00270nam a2200121 a 4500008004100000050001600041100001700057245002100074246002400095260000900119300001100128350000900139120416s2000 xx |||||||||||||| || u aTK 7874 Bis aBishop, Owen10aMicroelectronics asystems and devices c2000 a: ill. a0.00